00573nam a2200241Ia 450000500170000000800460001702000180006303700100008104000080009104000080009904000080010704100080011504100080012308400080013110000200013924500250015924500490018426000230023326000090025636500050026536500080027085600530027820260324124702.0008 260324s9999 xx 000 0 eng d a9781315598192 aEBOOK aCRL beng cCRL 2eng aeng qCRL aChloë Houston 0aNew Worlds Reflected 0bTravel and Utopia in the Early Modern Period bTaylor and Francis c2010 a b240 uhttp://www.taylorfrancis.com/books/9781315598192